000 01586nam a2200325 i 4500
001 768714001
003 CO-MdFUSB
005 20220721122047.0
007 ta
008 200711t2008 ck oabd| |||| 00| 0 spa d
020 _a9789587122916
040 _aCO-MdFUSB
_bspa
_cCO-MdFUSB
_dCO-MdFUSBC
_erda
041 _aspa
082 _223
_a986.1
_bC718
110 _aPeriódicos Asociados
245 1 _aColombia positiva
_b: nuestras fortalezas, nuestros logros, nuestras oportunidades
_c/ Periódicos Asociados
264 1 _aBogotá, Colombia :
_bPeriódicos Asociados Ltda.
_c[2008]
264 4 _c©2008
300 _c208 páginas ;
_a29 cm
_bilustraciones a color, mapas, retratos
336 _2rdacontent
_atexto
_btxt
337 _2rdamedia
_asin mediación
_bn
338 _2rdacarrier
_avolumen
_bnc
505 _aAgroindustria -- Artes plásticas -- Artesanías -- Ciencia -- Culturas indígenas -- Datos básicos de Colombia -- Deportes -- Diseño -- Fauna -- Fiestas y trajes típicos -- Gastronomía -- Hidrografía -- Líderes -- Literatura -- Minería -- Moda -- Música -- Parques naturales y temáticos -- Patrimonio histórico -- Teatro -- Tecnología -- Trajes típicos -- Turismo.
520 _aColombia positiva, un espectacular recorrido por lo más hermoso, interesante y sobresaliente de nuestro país. Todo lo que nos llena de orgullo, nos brinda enormes posibilidades de progreso y nos destaca ante los ojos del mundo.
563 _aTapa dura
650 7 _2sears
_93
_aCultura
651 0 _aColombia
_xHistoria y cultura.
942 _cBK
945 _aDani
999 _c66501
_d66501